Piłka nożna - klasyfikacja strzelców Premier League 2022/23 - Statystyki

Ogólne statystyki
  • Ten quiz został rozwiązany 1 021 razy
  • Średni wynik to 5 z 10
Statystyki odpowiedzi
Miejsce Liczba goli Piłkarz % Poprawnych
1. 36 Erling Haaland
96%
4. 19 Mohamed Salah
88%
2. 30 Harry Kane
84%
6. 17 Marcus Rashford
59%
10. 14 Bukayo Saka
56%
3. 20 Ivan Toney
40%
9. 15 Gabriel Martinelli
34%
8. 15 Ollie Watkins
32%
7. 15 Martin Ødegaard
24%
5. 18 Callum Wilson
21%
Nie znaleziono quizów pasujących do podanych kryteriów
Rozkład punktacji
Procent ludzi z każdym wynikiem
Percentyl według liczby udzielonych odpowiedzi
Twoja historia wyników
Nie rozwiązałeś tego quizu